Disney Channel Actors by Picture - Statistics

General Stats
  • This quiz has been taken 392 times
  • The average score is 5 of 8
Answer Stats
Picture Answer % Correct
Dwayne Johnson
95%
Selena Gomez
95%
Miley Cyrus
91%
Billy Ray Cyrus
77%
Tom Hanks
46%
Brie Larson
40%
Joshua Bassett
39%
Shia LeBeouf
19%
No matching quizzes found
Score Distribution
Percent of People with Each Score
Percentile by Number Answered
Your Score History
You have not taken this quiz